000 00813nam a2200277 i 4500
001 bg
100 1 _aMalicki, Antoni.
245 1 0 _aWybrane zagadnienia z teorii sprężystości /
_cAntoni Malicki, Tomasz Sadowski ; Politechnika Lubelska.
260 _aLublin :
_bWydaw. PL,
_c2001.
300 _a254 s. :
_brys., wykr. ;
_c24 cm.
504 _aBibliogr.
650 9 _aSprężystość
_xteoria
650 9 _aTensory
650 9 _aOśrodki ciągłe
_xmechanika
650 9 _aPłyty konstrukcyjne
_xteoria
655 _aPodręczniki akademickie
700 1 _aSADOWSKI, Tomasz
710 0 _aPolitechnika Lubelska
020 _a8388110144
040 _cBPK
041 0 _apol
080 _a539.3:514.7](075.8)
920 _a83-88110-14-4
942 _cKS
008 s pl f |000 0 pol
999 _c40893
_d40893
856 _uhttp://koha.tu.koszalin.pl/cgi-bin/koha/opac-detail.pl?biblionumber=40893
_yKatalog online BPK